<?xml version="1.0" encoding="UTF-8"?>
<collection xmlns="http://www.loc.gov/MARC21/slim">
 <record>
  <leader>00722nam a22002055a 4500</leader>
  <controlfield tag="001">EHU.bham041203</controlfield>
  <controlfield tag="003">AR-BHAM</controlfield>
  <controlfield tag="005">20111011143546.0</controlfield>
  <controlfield tag="008">130507s2011##################000#0#####d</controlfield>
  <datafield tag="020" ind1=" " ind2=" ">
   <subfield code="a">9780521192170</subfield>
  </datafield>
  <datafield tag="082" ind1="9" ind2="3">
   <subfield code="a">937.07</subfield>
  </datafield>
  <datafield tag="245" ind1="0" ind2="0">
   <subfield code="a">Rome across time and space :</subfield>
   <subfield code="b">cultural transmission and the exchange of ideas c. 500-1400  /</subfield>
   <subfield code="c"> Edited By Claudia Bolgia, Rosamond Mckitterick And John Osborne</subfield>
  </datafield>
  <datafield tag="260" ind1=" " ind2=" ">
   <subfield code="a">New York :</subfield>
   <subfield code="b">Cambridge University,</subfield>
   <subfield code="c">2011</subfield>
  </datafield>
  <datafield tag="300" ind1=" " ind2=" ">
   <subfield code="a">351 p.</subfield>
  </datafield>
  <datafield tag="653" ind1=" " ind2=" ">
   <subfield code="a">Roma-historia de</subfield>
  </datafield>
  <datafield tag="653" ind1=" " ind2=" ">
   <subfield code="a">Roma-cultura de</subfield>
  </datafield>
  <datafield tag="700" ind1="1" ind2=" ">
   <subfield code="a">Bolgia, Claudia, ed.</subfield>
  </datafield>
  <datafield tag="700" ind1="1" ind2=" ">
   <subfield code="a">Mckitterick, Rosamond, ed.</subfield>
  </datafield>
  <datafield tag="700" ind1="1" ind2=" ">
   <subfield code="a">Osborne, John, ed.</subfield>
  </datafield>
  <datafield tag="859" ind1=" " ind2=" ">
   <subfield code="a">AR-BHAM</subfield>
   <subfield code="b">BIB. HUMANIDADES - General</subfield>
   <subfield code="h">937.07</subfield>
   <subfield code="i">R664</subfield>
   <subfield code="p">458.11</subfield>
   <subfield code="t">Ej.1</subfield>
  </datafield>
 </record>
</collection>
